| 000 | 01180nam0a2200265 4500 | ||
|---|---|---|---|
| 001 | RU\NLR\b_ik\190568 | ||
| 005 | 20260405223242.0 | ||
| 010 | _a978-5-93425-017-2 | ||
| 035 | _a(NLR Aleph) 002263032 | ||
| 090 |
_a3845855 _c3845855 |
||
| 100 | _a20110614d2010 |||y0rusy50 ca | ||
| 101 | 0 | _afre | |
| 102 | _aRU | ||
| 105 | _aach ||||||||| | ||
| 200 | 1 |
_aLa vie romanesque d'un aristocrate français du XX-ème siècle _fLaurent de Gouvion Saint-Cyr _g[préf., notes - Ludmilla Dmitrievna Perepiolkina] |
|
| 210 |
_aSaint-Petersbourg _cNemtinov _dcop. 2010 |
||
| 215 |
_a552 c., [6] л. ил., факс., портр. _d22 |
||
| 541 | 0 |
_aРомантическая жизнь французской аристократии в 20-м веке _zrus |
|
| 606 | 1 |
_aАристократия _xИстория _yФранция _z20 в. _92626306 _3RU\NLR\AUTH\661562866 |
|
| 686 | 1 | _aТ3(4Фр)6-286 | |
| 700 | 1 |
_4070 _8fre _7ba _aGouvion Saint-Cyr _bL. de _cжурналист, писатель _f1915-2011 _gLaurent de _3RU\NLR\AUTH\77101456 _984382 |
|
| 801 | 0 |
_aRU _bNLR _c20110614 _gRCR |
|
| 942 | _cBOOK | ||
| 980 | _aNB | ||